| 000 | 00520cam a2200169 4500500 | ||
|---|---|---|---|
| 005 | 20260329004130.0 | ||
| 041 | _afre | ||
| 042 | _adc | ||
| 100 | 1 | 0 |
_aPortevin, Catherine _eauthor |
| 245 | 0 | 0 | _aL’Évangile selon Youri |
| 260 | _c2018. | ||
| 500 | _a60 | ||
| 690 | _aethnopsychiatrie | ||
| 690 | _aTobie Nathan | ||
| 786 | 0 | _nPhilosophie magazine | 122 | 9 | 2018-09-01 | p. 56-56 | 1951-1787 | |
| 856 | 4 | 1 | _uhttps://shs.cairn.info/magazine-philosophie-magazine-2018-9-page-56?lang=fr&redirect-ssocas=7080 |
| 999 |
_c1831021 _d1831021 |
||